| 000 | 01298pam a2200361 a 4500 | ||
|---|---|---|---|
| 001 | 015634575 | ||
| 003 | EG-ScBUE | ||
| 005 | 20220323144738.0 | ||
| 008 | 100818s2011 enkb f b 001 0 eng d | ||
| 020 | _a0571234305 (pbk.) | ||
| 020 | _a9780571234301 (pbk.) | ||
| 035 | _a(WlAbNL)vtls006076053 | ||
| 040 |
_aStDuBDS _beng _erda _cStDuBDS _dWlAbNL _dUk _dEG-ScBUE |
||
| 082 | 0 | 4 |
_a883.01 _222 _bALE |
| 100 | 1 |
_aAlexander, Caroline, _d1956- _eauthor. _934090 |
|
| 245 | 1 | 4 |
_aThe war that killed Achilles : _bThe true story of the Iliad / _cCaroline Alexander. |
| 264 | 1 |
_aLondon : _bFaber and Faber Ltd, _c2011. |
|
| 300 |
_axvii, 296 pages : _bmaps ; _c20 cm |
||
| 336 |
_2rdacontent _atext _btxt |
||
| 337 |
_2rdamedia _aunmediated _bn |
||
| 338 |
_2rdacarrier _avolume _bnc |
||
| 500 | _aOriginally published: Viking Penguin, 2009. | ||
| 504 | _aIncludes bibliographical references and index. | ||
| 600 | 0 | 7 |
_aHomer. _tIliad. _2BUEsh _934091 |
| 650 | 7 |
_aWar in literature. _934092 _2BUEsh |
|
| 650 | 7 |
_aTrojan War _xLiterature and the war. _930519 _2BUEsh |
|
| 650 | 7 |
_aAchilles (Greek mythology) in literature. _934093 _2BUEsh |
|
| 651 | _2BUEsh | ||
| 653 |
_cOctober2013 _bHHUUEENN |
||
| 655 |
_vReading book _934232 |
||
| 942 |
_2ddc _cBB |
||
| 999 |
_c17648 _d17620 |
||